Rome reborn on western shores (Record no. 205554)
[ view plain ]
| 000 -LEADER | |
|---|---|
| fixed length control field | 01758nam a2200385Ia 4500 |
| 082 04 - DEWEY DECIMAL CLASSIFICATION NUMBER | |
| Classification number | 973.3/1 |
| 100 1# - MAIN ENTRY--AUTHOR NAME | |
| Personal name | Shalev, Eran, |
| 245 10 - TITLE STATEMENT | |
| Title | Rome reborn on western shores |
| 260 ## - PUBLICATION, DISTRIBUTION, ETC. (IMPRINT) | |
| Place of publication | Charlottesville : |
| Name of publisher | University of Virginia Press, |
| Year of publication | 2009. |
| 300 ## - PHYSICAL DESCRIPTION | |
| Number of Pages | xiii, 311 p. : |
| Other physical details | ill. |
| 650 #0 - SUBJECT ADDED ENTRY--TOPICAL TERM | |
| Topical Term | Political science |
| Topical Term | Political culture |
| Topical Term | Civilization, Classical |
| Topical Term | Classical literature |
| 856 40 - ELECTRONIC LOCATION AND ACCESS | |
| Uniform Resource Identifier | http://site.ebrary.com/lib/rucke/Doc?id=10614784 |
No items available.
